Mistrust (Record no. 64132)
[ view plain ]
| 000 -LEADER | |
|---|---|
| fixed length control field | 01706nam a2200253Ii 4500 |
| 008 - FIXED-LENGTH DATA ELEMENTS--GENERAL INFORMATION | |
| fixed length control field | 221202s xx 000 0 und d |
| 100 1# - MAIN ENTRY--PERSONAL NAME | |
| Personal name | Carey, Matthew, |
| Relator term | author |
| 245 #0 - TITLE STATEMENT | |
| Title | Mistrust |
| 246 ## - VARYING FORM OF TITLE | |
| Title proper/short title | An Ethnographic Theory |
| 264 #1 - PRODUCTION, PUBLICATION, DISTRIBUTION, MANUFACTURE, AND COPYRIGHT NOTICE | |
| Place of production, publication, distribution, manufacture | Chicago, IL USA |
| Name of producer, publisher, distributor, manufacturer | HAU Books |
| Date of production, publication, distribution, manufacture, or copyright notice | 2017 |
| 300 ## - PHYSICAL DESCRIPTION | |
| Extent | 1 online resource |
| 336 ## - CONTENT TYPE | |
| Content type term | text |
| Content type code | txt |
| Source | rdacontent |
| 337 ## - MEDIA TYPE | |
| Media type term | computer |
| Media type code | c |
| Source | rdamedia |
| 338 ## - CARRIER TYPE | |
| Carrier type term | online resource |
| Carrier type code | cr |
| Source | rdacarrier |
| 490 ## - SERIES STATEMENT | |
| Series statement | Malinowski Monographs |
| 520 ## - SUMMARY, ETC. | |
| Summary, etc. | Trust occupies a unique place in contemporary discourse. Seen as both necessary and good, it is variously depicted as enhancing the social fabric, lowering crime rates, increasing happiness, and generating prosperity. It allows for complex political systems, permits human communication, underpins financial instruments and economic institutions, and holds society itself together. There is scant space within this vision for a nuanced discussion of mistrust. With few exceptions, it is treated as little more than a corrosive absence. This monograph, instead, proposes an ethnographic and conceptual exploration of mistrust as a legitimate epistemological stance in its own right. It examines the impact of mistrust on practices of conversation and communication, friendship and society, as well as politics and cooperation, and suggests that suspicion, doubt, and uncertainty can also ground ways of organizing human society and cooperating with others. |
| 653 ## - INDEX TERM--UNCONTROLLED | |
| Uncontrolled term | Anthropology |
| 653 ## - INDEX TERM--UNCONTROLLED | |
| Uncontrolled term | Doubt |
| 653 ## - INDEX TERM--UNCONTROLLED | |
| Uncontrolled term | Mistrust |
| 653 ## - INDEX TERM--UNCONTROLLED | |
| Uncontrolled term | Suspicion |
| 653 ## - INDEX TERM--UNCONTROLLED | |
| Uncontrolled term | Trust |
| 856 ## - ELECTRONIC LOCATION AND ACCESS | |
| Uniform Resource Identifier | <a href="https://library.oapen.org/bitstream/20.500.12657/30538/1/645369.pdfhttp://library.oapen.org/handle/20.500.12657/30538">https://library.oapen.org/bitstream/20.500.12657/30538/1/645369.pdfhttp://library.oapen.org/handle/20.500.12657/30538</a> |
| 942 ## - ADDED ENTRY ELEMENTS (KOHA) | |
| Koha item type | E-Book |
| Withdrawn status | Damaged status | Not for loan | Home library | Current library | Date acquired | Total Checkouts | Date last seen | Price effective from | Koha item type |
|---|---|---|---|---|---|---|---|---|---|
| Directory of Open Access Books | Directory of Open Access Books | 11/28/2022 | 11/28/2022 | 11/28/2022 | E-Book |